[Event "4NCL Online Division 4"]
[Site "online"]
[Date "2020.10.06"]
[Round "4.154"]
[White "Smith, Richard AL"]
[Black "Clancy, Mark"]
[Result "1-0"]
[WhiteElo "1810"]
[BlackElo "1450"]
[PlyCount "50"]
[EventDate "2020.10.06"]
[WhiteTeam "Camborne Trevithick"]
[BlackTeam "Temple Sutton"]

1. e4 e5 2. f4 d6 3. Nf3 Nd7 4. Bc4 Nb6 5. Bb3 Nf6 6. fxe5 Nxe4 7. Qe2 Nc5 8.
exd6+ Be6 9. Qb5+ Ncd7 10. Bxe6 fxe6 11. dxc7 Qxc7 12. Qe2 O-O-O 13. Nc3 Bd6
14. Nb5 Qb8 15. O-O Rde8 16. a4 a6 17. Nxd6+ Qxd6 18. b4 Qxb4 19. Ba3 Qc4 20.
d3 Qd5 21. c4 Qc6 22. a5 Na8 23. Ng5 h6 24. Nf7 Rhg8 25. Nd6+ Kd8 1-0

[Event "4NCL Online Division 4"]
[Site "online"]
[Date "2020.10.06"]
[Round "4.161"]
[White "Pentakota, Rajasekhar"]
[Black "Rothwell, James P"]
[Result "0-1"]
[WhiteElo "1997"]
[BlackElo "1870"]
[PlyCount "106"]
[EventDate "2020.10.06"]
[WhiteTeam "Wessex Some Stars C"]
[BlackTeam "Atticus B"]

1. c4 Nf6 2. g3 c6 3. Bg2 d5 4. cxd5 cxd5 5. Nf3 Nc6 6. d4 Bf5 7. O-O e6 8. Qa4
Nd7 9. Nc3 Nb6 10. Qb3 Be7 11. Na4 O-O 12. Nxb6 Qxb6 13. Qxb6 axb6 14. Bd2 Rfc8
15. Bc3 b5 16. a3 Na5 17. Bxa5 Rxa5 18. Rac1 Raa8 19. Ne5 Bd6 20. Nd7 Rc6 21.
Rxc6 bxc6 22. Rc1 Ra7 23. Ne5 Bxe5 24. dxe5 Rc7 25. b4 f6 26. exf6 gxf6 27. Bf1
Rc8 28. e3 e5 29. f3 Kf7 30. g4 Bd7 31. Bd3 h6 32. Kf2 Ke7 33. Ke2 Ra8 34. Ra1
Kd6 35. Kd2 c5 36. bxc5+ Kxc5 37. Rc1+ Kd6 38. Ra1 b4 39. Kc2 bxa3 40. Kb3 Ba4+
41. Kb4 Bc6 42. Rxa3 Rxa3 43. Kxa3 d4 44. e4 Kc5 45. Kb3 Bd7 46. h4 Be6+ 47.
Kc2 Kb4 48. Kb2 Bb3 49. Bc2 Bc4 50. Bd1 Bd3 51. Kc1 Kc3 52. f4 Bxe4 53. fxe5
fxe5 0-1

[Event "4NCL Online Division 4"]
[Site "online"]
[Date "2020.10.06"]
[Round "4.162"]
[White "Banerjee, Sanjoy K"]
[Black "Weatherlake, John P"]
[Result "0-1"]
[WhiteElo "1720"]
[BlackElo "1975"]
[PlyCount "100"]
[EventDate "2020.10.06"]
[WhiteTeam "Atticus B"]
[BlackTeam "Wessex Some Stars C"]

1. e4 d6 2. d4 Nf6 3. Nc3 Nbd7 4. Nf3 e5 5. Bc4 Be7 6. h3 c6 7. a4 Qc7 8. Be3
h6 9. O-O Nf8 10. Re1 Rg8 11. dxe5 dxe5 12. Qd3 g5 13. Ne2 Nh5 14. Qb3 Be6 15.
Ng3 Nxg3 16. fxg3 g4 17. Nh4 Bxh4 18. gxh4 gxh3 19. Bxh6 Rxg2+ 20. Kh1 Bxc4 21.
Qxc4 Ng6 22. Bg5 f6 23. Bxf6 Qf7 24. Qxf7+ Kxf7 25. Rf1 Ke6 26. Bg5 Rf8 27.
Rxf8 Nxf8 28. Rf1 Nd7 29. Rf3 Rxc2 30. Rxh3 Nf6 31. Bxf6 Kxf6 32. Rg3 Rxb2 33.
h5 Rd2 34. Rg6+ Kf7 35. Rg5 Rd4 36. Rxe5 Rxa4 37. Rf5+ Kg7 38. e5 Re4 39. Rg5+
Kh6 40. Rf5 a5 41. e6 a4 42. Rf7 b5 43. e7 Kxh5 44. Rf5+ Kg6 45. Rc5 Kf7 46.
e8=Q+ Kxe8 47. Rxc6 a3 48. Ra6 Ra4 49. Re6+ Kd7 50. Re1 a2 0-1

[Event "4NCL Online Division 4"]
[Site "online"]
[Date "2020.10.06"]
[Round "4.163"]
[White "Krawczuk, Michael J"]
[Black "Wadsworth, Mark S"]
[Result "1-0"]
[WhiteElo "1967"]
[BlackElo "1690"]
[PlyCount "57"]
[EventDate "2020.10.06"]
[WhiteTeam "Wessex Some Stars C"]
[BlackTeam "Atticus B"]

1. e4 c5 2. Nf3 Nc6 3. d4 cxd4 4. Nxd4 Nf6 5. Nc3 e5 6. Ndb5 d6 7. Bg5 a6 8.
Na3 b5 9. Nd5 Be7 10. Bxf6 Bxf6 11. c3 Bg5 12. Nc2 O-O 13. Bd3 f5 14. O-O Ne7
15. Ncb4 f4 16. a4 bxa4 17. Rxa4 a5 18. Nxe7+ Qxe7 19. Nd5 Qb7 20. b4 axb4 21.
Rxb4 Qf7 22. Bc4 Be6 23. Qb3 Rac8 24. Rb7 Qg6 25. Ne7+ Bxe7 26. Bxe6+ Kh8 27.
Bxc8 Rxc8 28. Rxe7 f3 29. g3 1-0

[Event "4NCL Online Division 4"]
[Site "online"]
[Date "2020.10.06"]
[Round "4.164"]
[White "Blasczyk, Martin"]
[Black "Adaway, William"]
[Result "1-0"]
[WhiteElo "1645"]
[BlackElo "1952"]
[PlyCount "51"]
[EventDate "2020.10.06"]
[WhiteTeam "Atticus B"]
[BlackTeam "Wessex Some Stars C"]

1. e4 d6 2. d4 Nf6 3. Nc3 c6 4. f4 Qa5 5. Bd3 e5 6. dxe5 dxe5 7. Nf3 Nbd7 8.
O-O Bd6 9. Bd2 Qc7 10. f5 O-O 11. Qe1 b5 12. Qh4 Re8 13. g4 h6 14. Kh1 Bb7 15.
Rg1 Nh7 16. g5 Be7 17. f6 hxg5 18. Bxg5 Ndxf6 19. Bh6 g6 20. Raf1 Bf8 21. Ng5
Qe7 22. Nd1 Bxh6 23. Qxh6 Qf8 24. Nxf7 Kxf7 25. Qxh7+ Qg7 26. Rxf6+ 1-0

[Event "4NCL Online Division 4"]
[Site "online"]
[Date "2020.10.20"]
[Round "5.11"]
[White "Nolan, Conor"]
[Black "Yogit, Senthilnathan"]
[Result "0-1"]
[WhiteElo "1884"]
[BlackElo "2117"]
[PlyCount "58"]
[EventDate "2020.10.20"]
[WhiteTeam "Gondaga"]
[BlackTeam "Uxbridge Knights A"]

1. d4 d5 2. Nf3 e6 3. c4 c5 4. e3 Nc6 5. cxd5 exd5 6. Nc3 Nf6 7. h3 a6 8. a3
Bd6 9. dxc5 Bxc5 10. b4 Bb6 11. Bb2 O-O 12. Be2 Bf5 13. O-O d4 14. exd4 Nxd4
15. Nxd4 Bxd4 16. Na4 Bxb2 17. Nxb2 Rc8 18. Rc1 b5 19. Rxc8 Qxc8 20. Qc1 Qe6
21. Bd3 Rc8 22. Qb1 Bg6 23. Rc1 Nd5 24. Rxc8+ Qxc8 25. Nd1 Nf4 26. Bxg6 hxg6
27. Qb2 Qd7 28. Qc2 Qd4 29. Nc3 Qxc3 0-1

[Event "4NCL Online Division 4"]
[Site "online"]
[Date "2020.10.20"]
[Round "5.12"]
[White "Symonds, Richard H"]
[Black "Goss, Alex"]
[Result "1-0"]
[WhiteElo "1981"]
[BlackElo "1828"]
[PlyCount "85"]
[EventDate "2020.10.20"]
[WhiteTeam "Uxbridge Knights A"]
[BlackTeam "Gondaga"]

1. c4 e5 2. Nc3 f5 3. g3 Nf6 4. Bg2 Bb4 5. Qc2 Bxc3 6. Qxc3 d6 7. e3 c5 8. Ne2
Nc6 9. O-O O-O 10. d4 Qe7 11. Re1 Bd7 12. Bd2 Rab8 13. d5 Nd8 14. f3 a6 15. b4
b5 16. bxc5 dxc5 17. Rab1 Qd6 18. e4 b4 19. Qc2 fxe4 20. fxe4 Nf7 21. h3 h5 22.
Rf1 Nh7 23. Kh2 Qg6 24. Be3 Rbc8 25. Ng1 Nd6 26. Rxf8+ Nxf8 27. Rf1 Nxc4 28.
Rxf8+ Kxf8 29. Qxc4 Qd6 30. Qe2 g6 31. Qf2+ Kg7 32. Nf3 c4 33. Nxe5 c3 34. Nd3
Rf8 35. Bd4+ Kg8 36. Qe3 Rf7 37. e5 Qc7 38. e6 Re7 39. Qh6 Bxe6 40. Qh8+ Kf7
41. Ne5+ Qxe5 42. Qxe5 c2 43. dxe6+ 1-0

[Event "4NCL Online Division 4"]
[Site "online"]
[Date "2020.10.20"]
[Round "5.13"]
[White "McGlade, Emmet"]
[Black "Kamath, Raghu"]
[Result "1-0"]
[WhiteElo "1825"]
[BlackElo "1885"]
[PlyCount "109"]
[EventDate "2020.10.20"]
[WhiteTeam "Gondaga"]
[BlackTeam "Uxbridge Knights A"]

1. e4 e5 2. Nf3 Nc6 3. Bb5 f5 4. Nc3 fxe4 5. Nxe4 Nf6 6. Nxf6+ Qxf6 7. Qe2 Be7
8. Bxc6 bxc6 9. Qxe5 O-O 10. Qxf6 Bxf6 11. O-O d6 12. h3 Bf5 13. d3 Rab8 14.
Rb1 Rfe8 15. Be3 Rxb2 16. Rxb2 Bxb2 17. Rb1 Bf6 18. Rb7 c5 19. Kf1 a5 20. Nd2
a4 21. Rxc7 Rb8 22. Nc4 d5 23. Nd6 Be5 24. Bxc5 Rd8 25. Rc6 Bd7 26. Rb6 Bc3 27.
Bb4 Bd4 28. Rb7 h6 29. Ba5 Rf8 30. Rxd7 Rxf2+ 31. Ke1 Rxc2 32. Nf5 Bf6 33. Ne3
Rxa2 34. Nxd5 Bh4+ 35. Kd1 Rxg2 36. Bc3 Rg3 37. Ke2 Rxh3 38. Rxg7+ Kf8 39. Rg4
a3 40. Bb4+ Kf7 41. Bxa3 Rh2+ 42. Kf3 Rh3+ 43. Ke4 Bg5 44. Nf4 Rh1 45. Kf5 Rd1
46. Bc5 Ke8 47. d4 Rf1 48. Ke5 Kd7 49. Nh5 Kc6 50. Ng3 Re1+ 51. Ne4 Bc1 52.
Rg6+ Kd7 53. Kd5 Rf1 54. Rg7+ Kc8 55. Kc6 1-0

[Event "4NCL Online Division 4"]
[Site "online"]
[Date "2020.10.20"]
[Round "5.14"]
[White "Colter, Nigel"]
[Black "Moran, Hugh"]
[Result "1-0"]
[WhiteElo "1780"]
[BlackElo "1711"]
[PlyCount "57"]
[EventDate "2020.10.20"]
[WhiteTeam "Uxbridge Knights A"]
[BlackTeam "Gondaga"]

1. d4 d6 2. Nf3 Bg4 3. e4 e6 4. Bd3 Nf6 5. Nbd2 c6 6. c3 Be7 7. O-O d5 8. e5
Nfd7 9. Re1 c5 10. b3 Nc6 11. Bb2 Rc8 12. Qc1 cxd4 13. Qb1 dxc3 14. Bxc3 h6 15.
b4 Bg5 16. Qb2 Bxd2 17. Nxd2 Ne7 18. Rec1 Bf5 19. Bf1 O-O 20. b5 Nc5 21. Bb4 b6
22. Qa3 Ng6 23. Nb3 Nxb3 24. Rxc8 Qxc8 25. axb3 Re8 26. Qxa7 Nxe5 27. Qxb6 Qb8
28. Qxb8 Rxb8 29. Bd6 1-0

[Event "4NCL Online Division 4"]
[Site "online"]
[Date "2020.10.20"]
[Round "5.21"]
[White "Robbings, Andrew MJ"]
[Black "Whatmore, Steve"]
[Result "1-0"]
[WhiteElo "1975"]
[BlackElo "1825"]
[PlyCount "103"]
[EventDate "2020.10.20"]
[WhiteTeam "Wantage"]
[BlackTeam "Rugeley Rangers"]

1. e4 c6 2. d4 d5 3. e5 c5 4. c3 Nc6 5. Bb5 Qa5 6. Bxc6+ bxc6 7. Ne2 e6 8. O-O
Ba6 9. Re1 Ne7 10. Ng3 cxd4 11. b4 Qb6 12. Qxd4 Ng6 13. Be3 Qxd4 14. Bxd4 Nf4
15. Nd2 h5 16. Nb3 h4 17. Nf1 Rh5 18. Nc1 g6 19. g3 hxg3 20. hxg3 Nh3+ 21. Kg2
Bg7 22. Nb3 Bf8 23. Ne3 Ng5 24. Rh1 Bd3 25. f3 Rxh1 26. Rxh1 Nxf3 27. Rh8 Nxd4
28. cxd4 O-O-O 29. Rh7 Rd7 30. Rh8 Rd8 31. Rh7 Bxb4 32. Rxf7 Be4+ 33. Kg1 Rf8
34. Rf6 Rxf6 35. exf6 Kd7 36. Ng4 Bd6 37. Nc5+ Bxc5 38. dxc5 d4 39. Ne5+ Ke8
40. Kf2 Bd5 41. a3 g5 42. Ke2 Be4 43. Kd2 a6 44. Ke2 d3+ 45. Ke3 Bf5 46. g4 Bh7
47. Nf3 Bg6 48. Nxg5 Kd7 49. Nf3 Kc7 50. Ne5 Be4 51. f7 d2 52. Kxd2 1-0

[Event "4NCL Online Division 4"]
[Site "online"]
[Date "2020.10.20"]
[Round "5.22"]
[White "Carr, Matthew"]
[Black "Carter, John P"]
[Result "0-1"]
[WhiteElo "1705"]
[BlackElo "1795"]
[PlyCount "48"]
[EventDate "2020.10.20"]
[WhiteTeam "Rugeley Rangers"]
[BlackTeam "Wantage"]

1. e4 e5 2. Nf3 Nf6 3. Nxe5 Nc6 4. Nxc6 dxc6 5. Nc3 Bc5 6. Be2 h5 7. h3 Qd4 8.
O-O Ng4 9. hxg4 hxg4 10. Bxg4 Qe5 11. Re1 Qh2+ 12. Kf1 Qh1+ 13. Ke2 Bxg4+ 14.
f3 Qxg2+ 15. Kd3 Bxf3 16. Re2 O-O-O+ 17. Kc4 Qg5 18. d3 b5+ 19. Kb3 Qf6 20. Nb1
Qe6+ 21. Kc3 Bd4+ 22. Kb4 c5+ 23. Kxb5 Qb6+ 24. Kc4 Qb4# 0-1

[Event "4NCL Online Division 4"]
[Site "online"]
[Date "2020.10.20"]
[Round "5.23"]
[White "Hemmings, Peter J"]
[Black "Sullivan, Luke"]
[Result "1-0"]
[WhiteElo "1607"]
[BlackElo "1525"]
[PlyCount "103"]
[EventDate "2020.10.20"]
[WhiteTeam "Wantage"]
[BlackTeam "Rugeley Rangers"]

1. e4 d6 2. d4 Nf6 3. Nc3 Nbd7 4. Nf3 e5 5. dxe5 dxe5 6. Bd3 c6 7. Bg5 Be7 8.
O-O a5 9. h3 Qc7 10. Qe2 Nf8 11. a3 Ne6 12. Be3 h6 13. Rad1 g5 14. Nh2 Nf4 15.
Bxf4 gxf4 16. Qd2 Rg8 17. Kh1 h5 18. Be2 Be6 19. Bf3 Bc4 20. Be2 Rd8 21. Qe1
Rxd1 22. Qxd1 Be6 23. Bxh5 b5 24. Bf3 b4 25. axb4 axb4 26. Ne2 c5 27. Ng1 Nh7
28. Bg4 Bc4 29. Be2 Be6 30. Nhf3 Nf6 31. Re1 Kf8 32. Nd2 c4 33. Bf3 Bc5 34. Qe2
Bb6 35. b3 cxb3 36. cxb3 Qc5 37. Rf1 Ke7 38. Nc4 Bc7 39. Rc1 Qa7 40. Qb2 Bxc4
41. bxc4 Bb6 42. Rc2 Qa5 43. Rc1 Bd4 44. Qc2 Rc8 45. Ne2 Bxf2 46. Nxf4 Be3 47.
Nd5+ Nxd5 48. exd5 Bxc1 49. Qxc1 Qa6 50. Qg5+ Qf6 51. d6+ Ke6 52. Bd5+ 1-0

[Event "4NCL Online Division 4"]
[Site "online"]
[Date "2020.10.20"]
[Round "5.24"]
[White "Wood, Ryan"]
[Black "Mills, Matt"]
[Result "1/2-1/2"]
[WhiteElo "1390"]
[BlackElo "1480"]
[PlyCount "105"]
[EventDate "2020.10.20"]
[WhiteTeam "Rugeley Rangers"]
[BlackTeam "Wantage"]

1. d4 d5 2. Bf4 Nf6 3. e3 g6 4. Nf3 Bg7 5. Nbd2 O-O 6. Bd3 b6 7. O-O c5 8. c3
c4 9. Bc2 Nc6 10. Re1 Re8 11. e4 b5 12. exd5 Nxd5 13. Be4 Bb7 14. Bg3 e6 15. a4
a6 16. Qc2 Nf6 17. Bh4 Qd7 18. Bxc6 Bxc6 19. Ne5 Qd5 20. Nxc6 Qxc6 21. Ne4 Nxe4
22. Qxe4 Qxe4 23. Rxe4 e5 24. Rae1 bxa4 25. dxe5 Re6 26. Rxc4 Bxe5 27. Rce4
Rae8 28. f3 a3 29. bxa3 Bxc3 30. Rxe6 fxe6 31. Rd1 a5 32. Rd8 Rxd8 33. Bxd8 Kf7
34. Kf2 e5 35. Ke3 a4 36. Ke4 Ke6 37. Bb6 Bb2 38. Bc5 h6 39. g4 g5 40. h3 Bc1
41. Bf8 Bb2 42. Kd3 Kd5 43. Kc2 Bd4 44. Bxh6 Be3 45. h4 e4 46. Bxg5 exf3 47.
Bxe3 Ke4 48. Kd2 f2 49. Bxf2 Kf4 50. g5 Kf5 51. Ke3 Kg6 52. Kf4 Kh5 53. Kf5
1/2-1/2

[Event "4NCL Online Division 4"]
[Site "online"]
[Date "2020.10.20"]
[Round "5.31"]
[White "Sedykh, Stakhey"]
[Black "Adam, David W"]
[Result "0-1"]
[WhiteElo "1780"]
[BlackElo "1758"]
[PlyCount "62"]
[EventDate "2020.10.20"]
[WhiteTeam "Catford Cosmonauts 3"]
[BlackTeam "Bradford DCA Knights B"]

1. e4 c5 2. Nc3 Nc6 3. g3 Nf6 4. Bg2 d6 5. d3 g6 6. f4 Bg4 7. Qd2 Bd7 8. Nf3
Bg7 9. O-O O-O 10. h3 Rb8 11. g4 b5 12. Qe1 e6 13. Rb1 b4 14. Ne2 Qc7 15. Ng3
Nd4 16. Qf2 Nxf3+ 17. Qxf3 Bc6 18. Qe2 Rfe8 19. f5 exf5 20. gxf5 d5 21. Bf4 Qb6
22. Bxb8 Qxb8 23. Qe1 dxe4 24. Nxe4 Nxe4 25. Bxe4 Bd4+ 26. Kh1 Qb7 27. Qe2 Rxe4
28. Qxe4 Bxe4+ 29. dxe4 Qxe4+ 30. Kh2 Qxc2+ 31. Kh1 Be5 0-1

[Event "4NCL Online Division 4"]
[Site "online"]
[Date "2020.10.20"]
[Round "5.32"]
[White "Dean, Robert A"]
[Black "Oyvat, Cem"]
[Result "1/2-1/2"]
[WhiteElo "1744"]
[BlackElo "1735"]
[PlyCount "79"]
[EventDate "2020.10.20"]
[WhiteTeam "Bradford DCA Knights B"]
[BlackTeam "Catford Cosmonauts 3"]

1. e4 c5 2. f4 e6 3. Nf3 Ne7 4. Bc4 d5 5. exd5 exd5 6. Bb5+ Nbc6 7. Nc3 a6 8.
Bxc6+ Nxc6 9. O-O Be7 10. d3 O-O 11. Qe1 Bf6 12. Qg3 Bf5 13. Kh1 b5 14. Bd2 b4
15. Nd1 Re8 16. Ne3 Bg6 17. Rab1 Ne7 18. Qh3 d4 19. Ng4 Nd5 20. Nxf6+ Qxf6 21.
Ne5 Bf5 22. Qf3 Rad8 23. Rbe1 Qd6 24. Qh5 Bg6 25. Qh3 f6 26. Nc4 Qc7 27. Qf3
Nb6 28. Nxb6 Qxb6 29. Rxe8+ Rxe8 30. f5 Bf7 31. Re1 Rxe1+ 32. Bxe1 Bxa2 33. b3
h6 34. Qa8+ Kh7 35. Qe8 Bb1 36. Qg6+ Kg8 37. Qe8+ Kh7 38. Qg6+ Kg8 39. Qe8+ Kh7
40. Qg6+ 1/2-1/2

[Event "4NCL Online Division 4"]
[Site "online"]
[Date "2020.10.20"]
[Round "5.33"]
[White "Craig, Andrew D"]
[Black "Holliday, John K"]
[Result "1-0"]
[WhiteElo "1772"]
[BlackElo "1798"]
[PlyCount "67"]
[EventDate "2020.10.20"]
[WhiteTeam "Catford Cosmonauts 3"]
[BlackTeam "Bradford DCA Knights B"]

1. b3 e5 2. Bb2 Nc6 3. e3 d6 4. Bb5 Bd7 5. Ne2 f5 6. d4 exd4 7. Nxd4 Nxd4 8.
Bxd7+ Qxd7 9. Qxd4 Nf6 10. Nd2 c5 11. Qd3 O-O-O 12. O-O-O Be7 13. a4 Ng4 14.
Qe2 Bf6 15. Nc4 Qe6 16. h3 Ne5 17. Nxe5 Bxe5 18. Rd2 Rhe8 19. Rhd1 Bxb2+ 20.
Kxb2 Qf6+ 21. Kb1 f4 22. Qg4+ Kc7 23. Qxf4 Qg6 24. g4 Re4 25. Qg3 Rb4 26. Rd3
c4 27. Rc3 Qe6 28. Rxc4+ Rxc4 29. bxc4 Qxc4 30. Rd4 Qc5 31. Qf4 Kb6 32. Qe4 g6
33. Rb4+ Ka6 34. Qxb7+ 1-0

[Event "4NCL Online Division 4"]
[Site "online"]
[Date "2020.10.20"]
[Round "5.34"]
[White "Ibbitson, Anthony"]
[Black "Marchettini, Cristiano"]
[Result "1/2-1/2"]
[WhiteElo "1735"]
[BlackElo "1405"]
[PlyCount "61"]
[EventDate "2020.10.20"]
[WhiteTeam "Bradford DCA Knights B"]
[BlackTeam "Catford Cosmonauts 3"]

1. e4 e5 2. Nf3 Nc6 3. d4 exd4 4. Nxd4 Bc5 5. Nxc6 Qf6 6. Qf3 dxc6 7. Nc3 Be6
8. Be3 Qxf3 9. gxf3 Bxe3 10. fxe3 O-O-O 11. Rg1 g6 12. Bd3 Nf6 13. O-O-O Nd7
14. f4 Nc5 15. Be2 Rxd1+ 16. Rxd1 Rd8 17. Rd4 h5 18. h4 Bg4 19. Rxd8+ Kxd8 20.
Bc4 Ke7 21. e5 Bf5 22. a3 Ne4 23. Nxe4 Bxe4 24. Kd2 Bd5 25. Bd3 c5 26. b3 f5
27. exf6+ Kxf6 28. e4 Be6 29. Ke3 b6 30. c4 Bg4 31. Bc2 1/2-1/2

[Event "4NCL Online Division 4"]
[Site "online"]
[Date "2020.10.20"]
[Round "5.41"]
[White "Pike, Andrew"]
[Black "Shepherd, Tom"]
[Result "1/2-1/2"]
[WhiteElo "1645"]
[BlackElo "2027"]
[PlyCount "158"]
[EventDate "2020.10.20"]
[WhiteTeam "Wigston 2"]
[BlackTeam "MCS Oxford A"]

1. c4 c5 2. Nf3 Nc6 3. e3 Nf6 4. Nc3 g6 5. Be2 Bg7 6. O-O O-O 7. d4 cxd4 8.
exd4 d5 9. Be3 Be6 10. cxd5 Nxd5 11. Nxd5 Bxd5 12. Rc1 Rc8 13. b3 Qd7 14. Qd2
Rfd8 15. Rfd1 a6 16. h3 e6 17. Bg5 Ne7 18. Ne5 Qe8 19. Rxc8 Rxc8 20. Bxe7 Qxe7
21. Rc1 Qd8 22. Rxc8 Qxc8 23. Bf3 Bxf3 24. Nxf3 Qd8 25. Qc3 Bf6 26. Qc4 Kg7 27.
a4 Qd6 28. Qc8 b5 29. axb5 axb5 30. Qc3 Qa3 31. Qe3 Qb2 32. Kh2 h6 33. Kg1 g5
34. Kh2 Qb1 35. g4 Qd1 36. Kg2 Qc2 37. Kg3 Kf8 38. Ne5 Qc7 39. Kg2 Qb7+ 40. Qf3
Qc7 41. Qa8+ Kg7 42. Qe4 Qc3 43. Qe3 Qb2 44. Kf3 Qb1 45. Kg2 Qd1 46. Kh2 Qf1
47. Qf3 Qe1 48. Qe3 Qd1 49. Kg2 Qc2 50. Kg3 Qc7 51. Kg2 Be7 52. Nf3 Bd6 53. Ne5
Kf8 54. Qe4 Qc3 55. Qe3 Qb2 56. Kf3 Qb1 57. Kg2 Qd1 58. Nf3 Bf4 59. Qc3 Qb1 60.
Qc8+ Kg7 61. Qc3 Kh7 62. Ne5 Qe4+ 63. Qf3 Qxd4 64. Nxf7 Kg7 65. Qb7 Kf6 66.
Nxh6 Qd5+ 67. Qxd5 exd5 68. Nf5 Ke5 69. Kf3 d4 70. Ke2 Ke4 71. f3+ Kd5 72. Kd3
Kc5 73. Nxd4 Kb4 74. Kc2 Be3 75. Nf5 Bf2 76. Nd6 Bg1 77. Ne4 Be3 78. Kd3 Bf4
79. Kc2 Be3 1/2-1/2

[Event "4NCL Online Division 4"]
[Site "online"]
[Date "2020.10.20"]
[Round "5.42"]
[White "Selvaraj, Hari"]
[Black "Mottram, Paul"]
[Result "1-0"]
[WhiteElo "1930"]
[BlackElo "1592"]
[PlyCount "33"]
[EventDate "2020.10.20"]
[WhiteTeam "MCS Oxford A"]
[BlackTeam "Wigston 2"]

1. d4 d5 2. c4 c6 3. Nf3 Nf6 4. Bf4 dxc4 5. e3 b5 6. Be2 Bf5 7. Nc3 e6 8. Nh4
Bg6 9. Nxg6 hxg6 10. Bf3 Nd5 11. Bg3 Bd6 12. Ne4 Qa5+ 13. Ke2 Bxg3 14. hxg3 O-O
15. Ng5 Nd7 16. Rh8+ Kxh8 17. Qh1+ 1-0

[Event "4NCL Online Division 4"]
[Site "online"]
[Date "2020.10.20"]
[Round "5.43"]
[White "Collins, RF (Bob)"]
[Black "Zhu, Hou Ning"]
[Result "1-0"]
[WhiteElo "1480"]
[BlackElo "1802"]
[PlyCount "45"]
[EventDate "2020.10.20"]
[WhiteTeam "Wigston 2"]
[BlackTeam "MCS Oxford A"]

1. Nf3 b6 2. g3 Bb7 3. Bg2 Nf6 4. O-O e6 5. d3 d5 6. Nbd2 Be7 7. c4 O-O 8. a3
c5 9. Rb1 a5 10. b3 Nc6 11. Bb2 d4 12. a4 Qc7 13. Bc1 e5 14. Nh4 g6 15. f3 Nd7
16. Ne4 f5 17. Ng5 Qd6 18. f4 h6 19. fxe5 Ndxe5 20. Bd5+ Kh8 21. Ngf3 g5 22.
Nxe5 Qxe5 23. Ng6+ 1-0

[Event "4NCL Online Division 4"]
[Site "online"]
[Date "2020.10.20"]
[Round "5.44"]
[White "Khan, Samir"]
[Black "Hill, Granville"]
[Result "1-0"]
[WhiteElo "1592"]
[BlackElo "1450"]
[PlyCount "135"]
[EventDate "2020.10.20"]
[WhiteTeam "MCS Oxford A"]
[BlackTeam "Wigston 2"]

1. e4 Nc6 2. Nf3 f5 3. exf5 d5 4. d4 Bxf5 5. Bd3 Qd7 6. O-O Nf6 7. Re1 O-O-O 8.
Ne5 Nxe5 9. dxe5 Ne8 10. Qe2 e6 11. Nc3 h6 12. Be3 b6 13. Rad1 Bb4 14. a3 Bxc3
15. bxc3 Bxd3 16. Qxd3 Kb8 17. Qa6 c5 18. a4 Qb7 19. Qb5 Nc7 20. Qb3 Rhf8 21.
Rb1 d4 22. cxd4 cxd4 23. Bd2 Rf5 24. a5 Nd5 25. axb6 Nxb6 26. Qxe6 Rdf8 27. f3
R8f7 28. Ba5 Qe7 29. Qxe7 Rxe7 30. Bxb6 axb6 31. Rxb6+ Kc7 32. Rb4 Rfxe5 33.
Rxe5 Rxe5 34. Rxd4 Kc6 35. Kf2 Kc5 36. Rd7 g5 37. Rh7 Re6 38. Rc7+ Kd4 39. c3+
Kd5 40. Rc8 Ke5 41. Rd8 Rc6 42. Re8+ Kf6 43. Re3 Kf5 44. g3 g4 45. fxg4+ Kxg4
46. Kg2 Rd6 47. Re2 Rd3 48. Rc2 h5 49. c4 h4 50. gxh4 Kxh4 51. c5 Rd8 52. c6
Rc8 53. Rc4+ Kg5 54. Kf2 Kf5 55. Ke3 Ke6 56. h4 Kf6 57. Ke4 Ke6 58. h5 Rc7 59.
Rc5 Kd6 60. Kd4 Rc8 61. Kc4 Kc7 62. Rg5 Rh8 63. Kc5 Rh6 64. Rg7+ Kc8 65. Kb6
Kd8 66. Rg6 Rh7 67. h6 Ke8 68. c7 1-0

[Event "4NCL Online Division 4"]
[Site "online"]
[Date "2020.10.20"]
[Round "5.51"]
[White "Tyton, Adam"]
[Black "Douse, Terry"]
[Result "1/2-1/2"]
[WhiteElo "1915"]
[BlackElo "1510"]
[PlyCount "90"]
[EventDate "2020.10.20"]
[WhiteTeam "Bolton and Worsley"]
[BlackTeam "St Albans 2"]

1. e4 e5 2. Nf3 Nc6 3. d4 exd4 4. Nxd4 d6 5. Nc3 Nf6 6. Bc4 Ne5 7. Be2 Bd7 8.
O-O Be7 9. f4 Nc6 10. b3 Nxd4 11. Qxd4 O-O 12. Bb2 c5 13. Qd2 Bc6 14. Bf3 Qc7
15. Rad1 Rad8 16. Qf2 a6 17. Qg3 b5 18. Nd5 Bxd5 19. Rxd5 g6 20. Rdd1 c4 21.
Bd4 d5 22. e5 Ne4 23. Bxe4 dxe4 24. f5 Bc5 25. c3 Bxd4+ 26. cxd4 c3 27. f6 h5
28. Qg5 Kh7 29. Qe3 Qc6 30. Rfe1 Rc8 31. Qxe4 Qxe4 32. Rxe4 b4 33. Kf2 g5 34.
Ke2 Kg6 35. d5 a5 36. Rf1 Rc5 37. Rd1 c2 38. Rc1 Rfc8 39. e6 fxe6 40. dxe6 Kxf6
41. e7 Re8 42. Rf1+ Rf5 43. Rc1 Rxe7 44. Rxe7 Kxe7 45. Rxc2 Ke6 1/2-1/2

[Event "4NCL Online Division 4"]
[Site "online"]
[Date "2020.10.20"]
[Round "5.52"]
[White "Price, Liam"]
[Black "Doherty, Paul"]
[Result "1-0"]
[WhiteElo "1532"]
[BlackElo "1738"]
[PlyCount "107"]
[EventDate "2020.10.20"]
[WhiteTeam "St Albans 2"]
[BlackTeam "Bolton and Worsley"]

1. d4 Nf6 2. c4 g6 3. Nf3 Bg7 4. Nc3 d6 5. Bg5 O-O 6. e3 c6 7. Bd3 Bg4 8. O-O
Nbd7 9. h3 Bxf3 10. Qxf3 Qa5 11. Bh4 e5 12. d5 Rfe8 13. dxc6 e4 14. Nxe4 Nxe4
15. Bxe4 Nc5 16. cxb7 Rab8 17. Bd5 Qc7 18. Bf6 Nxb7 19. Bxg7 Kxg7 20. Bxb7 Rxb7
21. b3 Re5 22. Rfd1 Rb8 23. Rd5 Re6 24. Rad1 Rf6 25. Qg3 Rd8 26. e4 Re6 27. e5
Qb7 28. exd6 Re2 29. Qc3+ Kg8 30. a3 Qd7 31. Re5 Ra2 32. b4 Qa4 33. Rd3 Rc2 34.
Qb3 Qxb3 35. Rxb3 Rxc4 36. Rd3 Kg7 37. f3 Rc6 38. Re7 a6 39. d7 Rc7 40. Rd6 Ra7
41. Kf2 Kf8 42. Re8+ Rxe8 43. dxe8=Q+ Kxe8 44. Ke3 Ke7 45. Rb6 Kd7 46. Kd4 Ke7
47. Kc5 Kd7 48. Rf6 Ke7 49. Rc6 Kd7 50. Kb6 Ra8 51. Rc7+ Ke6 52. Kb7 Rd8 53.
Kxa6 Rd2 54. b5 1-0

[Event "4NCL Online Division 4"]
[Site "online"]
[Date "2020.10.20"]
[Round "5.53"]
[White "Lamb, Ian"]
[Black "Gemmell, Adam"]
[Result "0-1"]
[WhiteElo "1690"]
[BlackElo "1382"]
[PlyCount "110"]
[EventDate "2020.10.20"]
[WhiteTeam "Bolton and Worsley"]
[BlackTeam "St Albans 2"]

1. d4 Nf6 2. c4 e5 3. dxe5 Ng4 4. Bf4 Bb4+ 5. Nc3 Nc6 6. Nf3 Qe7 7. Qc2 Ngxe5
8. Nxe5 Nxe5 9. a3 Bxc3+ 10. Qxc3 d6 11. Bxe5 Qxe5 12. Qxe5+ dxe5 13. g3 Be6
14. b3 O-O 15. Bg2 c6 16. O-O Rfd8 17. Rfd1 Bf5 18. e4 Be6 19. f4 exf4 20. gxf4
Bg4 21. Rxd8+ Rxd8 22. h3 Bh5 23. b4 Kf8 24. a4 Rd4 25. Rc1 Be2 26. b5 c5 27.
e5 b6 28. Bd5 Rxf4 29. e6 Bf3 30. Rf1 Bxd5 31. Rxf4 Bxe6 32. Kg2 Ke7 33. Kg3
Kd6 34. h4 g6 35. Re4 h5 36. Kf3 Kd7 37. Ke3 Bf5 38. Rf4 Ke7 39. Kd2 Ke6 40.
Kc3 Ke5 41. Rf2 Be6 42. Rd2 Kf4 43. Rd8 Kg4 44. Ra8 Kxh4 45. Rxa7 Kg3 46. Ra8
h4 47. a5 Bf5 48. a6 h3 49. a7 h2 50. Rh8 Be4 51. Kd2 h1=Q 52. Rxh1 Bxh1 53.
Ke3 f5 54. Ke2 Ba8 55. Ke3 f4+ 0-1

[Event "4NCL Online Division 4"]
[Site "online"]
[Date "2020.10.20"]
[Round "5.61"]
[White "Arora, Tashika"]
[Black "Ball, Matthew P"]
[Result "1-0"]
[WhiteElo "1855"]
[BlackElo "1690"]
[PlyCount "75"]
[EventDate "2020.10.20"]
[WhiteTeam "Oxford 3"]
[BlackTeam "Doughnuts of Doom"]

1. d4 d5 2. Nf3 Nc6 3. g3 Bg4 4. Bg2 e6 5. O-O h5 6. h4 Be7 7. c4 Qd7 8. cxd5
exd5 9. Nc3 Nf6 10. Ne5 Qe6 11. Bf4 O-O 12. Nxg4 hxg4 13. Bxc7 Bd6 14. Bxd6
Qxd6 15. e3 Ne7 16. Qb3 Rfc8 17. Rac1 Qd7 18. Rc2 Rc6 19. Rfc1 Rb6 20. Qa4 Nc6
21. Rd2 Ra6 22. Qd1 Ne7 23. Bf1 Rb6 24. b3 Rc8 25. Rdc2 Re6 26. Bb5 Qd8 27. Na4
Ne4 28. Rxc8 Nxc8 29. Nc5 Nxc5 30. Rxc5 a6 31. Bd3 Nd6 32. Rxd5 Qe7 33. Rc5 g6
34. Qxg4 Rf6 35. h5 Re6 36. hxg6 f6 37. g7 Rxe3 38. Bh7+ 1-0